| 000 | 00397nam a22001457a 4500 | ||
|---|---|---|---|
| 020 | _a0-435-99891-9 | ||
| 082 |
_a371.3078 _bSMI/D |
||
| 100 | _aSMITH, ROGER | ||
| 245 | _aDEVELOP YOUR TEACHING TECHNIQUES | ||
| 260 |
_aDELHI _bMADHUBAN EDUCATIONAL BOOKS _c1988 |
||
| 300 | _a84 | ||
| 520 | _aSELF-STUDY MODULES FOR TEACHERS AND LECTURERS | ||
| 650 |
_aPROFESSIONAL DEVELOPMENT _zINDIA |
||
| 942 | _cBK | ||
| 999 |
_c5402 _d5402 |
||